[Event "24e tournoi 1hKO"]
[Site "Montigny le Bretonneux"]
[Date "2022.05.28"]
[Round "4.13"]
[White "Baltzer, Jean-Marc"]
[Black "Montay, Jean-Paul"]
[Result "0-1"]
[WhiteElo "1412"]
[BlackElo "1283"]
[Annotator "Rivier,Sylvain"]
[PlyCount "88"]
[EventDate "2022.??.??"]

{Ouve Ouverture anglaise, variante sicilienne inversée} 1. c4 e5 2. Nc3 d6 3.
g3 f5 4. Bg2 Nf6 5. d3 Nc6 6. e4 fxe4 7. dxe4 Be7 8. h3 O-O 9. Nge2 Rb8 10. O-O
Be6 11. b3 Qd7 12. Kh2 Qe8 13. Be3 Qh5 14. Ng1 Qg6 15. f3 a6 16. Nge2 h5 17.
Nd5 Bd8 18. Qd2 Bxd5 19. cxd5 Ne7 20. Rac1 Qe8 21. Nc3 c5 22. Qe2 Ba5 23. Bd2
Bxc3 24. Bxc3 b5 25. Bd2 Qd8 26. Rc2 h4 27. g4 Ng6 28. Rfc1 Nf4 29. Bxf4 exf4
30. Qf2 Nd7 31. Bf1 Ne5 32. Kg2 Qd7 33. Qxh4 Ng6 34. Qe1 Kf7 35. Kg1 Qd8 36.
Rh2 Nh4 37. Bg2 a5 38. Rc2 Ng6 39. h4 Ne5 40. Bh1 Rh8 41. h5 b4 42. Qc1 Qf6 43.
Qf1 Rb7 44. Qa6 Qe7 {suite non notée} 0-1

[Event "24e tournoi 1hKO"]
[Site "Montigny le Bretonneux"]
[Date "2022.05.28"]
[Round "4.14"]
[White "Baysse, Nathan"]
[Black "Haquet Larrouy, Alban"]
[Result "1-0"]
[WhiteElo "1199"]
[BlackElo "1099"]
[Annotator "Rivier,Sylvain"]
[PlyCount "79"]
[EventDate "2022.??.??"]

{Partie italienne} 1. e4 e5 2. Nf3 Nc6 3. Bc4 Bc5 4. O-O d6 5. Nc3 Nf6 6. d3
O-O 7. Be3 Bxe3 8. fxe3 Bg4 9. Nd5 Bxf3 10. Nxf6+ Qxf6 11. Rxf3 Qd8 12. Qf1 Qe7
13. Rh3 Na5 14. Qf5 g6 15. Qf2 Nxc4 16. dxc4 Qe6 17. Qh4 h5 18. b3 Qg4 19. Qxg4
hxg4 20. Rg3 f5 21. Rf1 f4 22. exf4 Rxf4 23. Rxf4 exf4 24. Rxg4 Kg7 25. Rxf4
Rf8 26. Rxf8 Kxf8 27. Kf2 Ke7 28. Ke3 Ke6 29. h4 c6 30. Kf4 Kf6 31. g4 d5 32.
cxd5 cxd5 33. exd5 Ke7 34. h5 gxh5 35. gxh5 Kd6 36. h6 b5 37. h7 Kxd5 38. h8=Q
a5 39. Qh5+ Kd4 40. Qxb5 1-0

[Event "24e tournoi 1hKO"]
[Site "Montigny le Bretonneux"]
[Date "2022.05.28"]
[Round "5.1"]
[White "Forissier, Nicolas"]
[Black "Fruchard, Cyrille"]
[Result "0-1"]
[WhiteElo "1909"]
[BlackElo "2302"]
[Annotator "Rivier,Sylvain"]
[PlyCount "56"]
[EventDate "2022.??.??"]

{Gambit dame, défense semi-slave} 1. d4 d5 2. c4 c6 3. e3 Nf6 4. Nc3 e6 5. Nf3
Nbd7 6. Bd3 Be7 7. e4 dxe4 8. Nxe4 Nxe4 9. Bxe4 Nf6 10. Bc2 Bb4+ 11. Bd2 a5 12.
O-O Bxd2 13. Qxd2 O-O 14. Rad1 Qc7 15. Qd3 b5 16. c5 g6 17. Rfe1 Rd8 18. Re5
Bd7 19. Qd2 Kg7 20. Qg5 Be8 21. h4 h6 22. Qg3 Nd7 23. h5 Nxe5 24. Nxe5 Rd5 25.
hxg6 f6 26. f4 fxe5 27. fxe5 Qe7 28. Rf1 Rad8 0-1

[Event "24e tournoi 1hKO"]
[Site "Montigny le Bretonneux"]
[Date "2022.05.28"]
[Round "5.3"]
[White "Nacer-Bey, Moussa"]
[Black "Cogez, Celine"]
[Result "0-1"]
[WhiteElo "1571"]
[BlackElo "1546"]
[Annotator "Rivier,Sylvain"]
[PlyCount "60"]
[EventDate "2022.??.??"]

{Défense Caro-Kann, variante d'échange} 1. e4 c6 2. d4 d5 3. exd5 cxd5 4. Nf3
Nc6 5. Bd3 Nf6 6. O-O Bg4 7. Bf4 e6 8. Nbd2 Nxd4 9. c3 Nc6 10. Qc2 Bd6 11. Bg3
O-O 12. Rfe1 Rc8 13. Qa4 a6 14. Bxd6 Qxd6 15. Ng5 Ne5 16. Bb1 h6 17. Ngf3 Nxf3+
18. Nxf3 Bxf3 19. gxf3 Rc4 20. Qd1 Rh4 21. Qd2 Qxh2+ 22. Kf1 Nh5 23. Ke2 Qh3
24. Qe3 Nf4+ 25. Kd2 Ng2 26. Qd3 g6 27. Rg1 Nf4 28. Qe3 Qh2 29. Bc2 d4 30. Qxd4
Nd5 0-1

[Event "24e tournoi 1hKO"]
[Site "Montigny le Bretonneux"]
[Date "2022.05.28"]
[Round "5.4"]
[White "Chennoufi, Amine"]
[Black "Divies, Renaud"]
[Result "0-1"]
[WhiteElo "1490"]
[BlackElo "1936"]
[Annotator "Rivier,Sylvain"]
[PlyCount "88"]
[EventDate "2022.??.??"]

{Ouverture anglaise, variante Botvinnik inversée} 1. c4 c5 2. Nc3 Nc6 3. Nf3 g6
4. g3 Bg7 5. Bg2 e5 6. d3 Nge7 7. O-O O-O 8. h4 h6 9. Nh2 d6 10. f4 Nf5 11. Qe1
Ncd4 12. e4 Nc2 13. Qf2 Nxg3 14. Qxc2 Nxf1 15. Nxf1 Qxh4 16. Qf2 Qxf2+ 17. Kxf2
f5 18. exf5 Bxf5 19. Bxb7 Rad8 20. Bd5+ Kh7 21. Ne4 exf4 22. Rb1 g5 23. b4 Bd4+
24. Kg2 f3+ 25. Kg3 Kg6 26. Ne3 h5 27. Kxf3 Bxe4+ 28. Kxe4 Rde8+ 29. Be6 Bxe3
30. Kxe3 Rxe6+ 31. Kd2 Rf2+ 32. Kc3 Rxa2 33. bxc5 dxc5 34. Rb5 Ree2 35. Rxc5
Rac2+ 36. Kb4 Rxc1 37. d4 Rb2+ 38. Ka3 Rb6 39. Ka2 Rc2+ 40. Ka3 h4 41. d5 h3
42. Rc8 h2 43. Rh8 Rc3+ 44. Ka4 Rc1 0-1

[Event "24e tournoi 1hKO"]
[Site "Montigny le Bretonneux"]
[Date "2022.05.28"]
[Round "5.5"]
[White "Kunne, Ronald"]
[Black "Couradin, Bruno"]
[Result "1-0"]
[WhiteElo "1511"]
[BlackElo "1411"]
[Annotator "Rivier,Sylvain"]
[PlyCount "55"]
[EventDate "2022.??.??"]

{Partie italienne} 1. e4 e5 2. Nf3 Nc6 3. Bc4 h6 4. d4 exd4 5. Nxd4 d6 6. O-O
Bd7 7. Nc3 Nf6 8. Re1 Be7 9. Be3 O-O 10. Qd2 Ne5 11. Bb3 Bc6 12. Nxc6 Nxc6 13.
Rad1 Re8 14. Bxh6 gxh6 15. Qxh6 Ng4 16. Qg5+ Kh8 17. Qh5+ Kg7 18. Qxg4+ Kh8 19.
Qh5+ Kg7 20. Qxf7+ Kh8 21. Re3 Bh4 22. Qh5+ Kg7 23. Rf3 Rf8 24. Rxf8 Qxf8 25.
Qxh4 Re8 26. Qg5+ Kh8 27. Rd3 Qg7 28. Rh3+ 1-0

[Event "24e tournoi 1hKO"]
[Site "Montigny le Bretonneux"]
[Date "2022.05.28"]
[Round "5.6"]
[White "Maurel, Thibaud"]
[Black "Gaudin, Vincent"]
[Result "0-1"]
[WhiteElo "1457"]
[BlackElo "1609"]
[Annotator "Rivier,Sylvain"]
[PlyCount "58"]
[EventDate "2022.??.??"]

1. e4 {Défense sicilienne, variante Najdorf} c5 2. Nf3 d6 3. d4 cxd4 4. Nxd4
Nf6 5. Nc3 a6 6. Be3 e5 7. Nde2 Ng4 8. Qd2 Be6 9. f4 Be7 10. O-O-O Nd7 11. Bg1
b5 12. h3 Ngf6 13. g4 b4 14. Nd5 Nxe4 15. Qe3 Bxd5 16. Rxd5 Nef6 17. Rd1 Qc7
18. Ng3 Rc8 19. Bd3 Nd5 20. Qd2 Nxf4 21. Bxa6 Ra8 22. Bb5 Rxa2 23. Bxd7+ Kxd7
24. Qe1 Rc8 25. Qe4 Ra1+ 26. Kd2 Rxd1+ 27. Kxd1 d5 28. Qf5+ Ke8 29. Rh2 g6 0-1

[Event "24e tournoi 1hKO"]
[Site "Montigny le Bretonneux"]
[Date "2022.05.28"]
[Round "5.7"]
[White "Belardello, Mario-Jovani"]
[Black "Belan, Valentin"]
[Result "1-0"]
[WhiteElo "1738"]
[BlackElo "1497"]
[Annotator "Rivier,Sylvain"]
[PlyCount "66"]
[EventDate "2022.??.??"]

{Ouverture anglaise, variante néo-catalane refusée} 1. c4 e6 2. g3 d5 3. Bg2
Nf6 4. Nf3 Be7 5. O-O O-O 6. b3 dxc4 7. bxc4 b6 8. d3 Bb7 9. Nbd2 c5 10. Nb3
Qc7 11. Bb2 Nc6 12. Rc1 Rfd8 13. Qc2 Nd7 14. Rfd1 Bf6 15. a3 Bxb2 16. Qxb2 Nf6
17. Rb1 Rd7 18. Rdc1 Rb8 19. Rc2 h6 20. Rd2 Ba8 21. Rbd1 Rbd8 22. Qc3 Kf8 23.
Qc2 g6 24. h3 Ne5 25. Nxe5 Qxe5 26. Bxa8 Rxa8 27. d4 cxd4 28. Nxd4 Qc5 29.
Nxe6+ fxe6 30. Rxd7 Nxd7 31. Rxd7 Qg5 32. Qd3 Ke8 33. Rh7 Qf6 {suite non notée}
1-0

[Event "24e tournoi 1hKO"]
[Site "Montigny le Bretonneux"]
[Date "2022.05.28"]
[Round "5.8"]
[White "Faris, Marouane"]
[Black "Montay, Jean-Paul"]
[Result "1-0"]
[WhiteElo "1669"]
[BlackElo "1283"]
[Annotator "Rivier,Sylvain"]
[PlyCount "55"]
[EventDate "2022.??.??"]

{Partie espagnole, défense berlinoise} 1. e4 e5 2. Nf3 Nc6 3. Bb5 Nf6 4. O-O
Be7 5. Re1 O-O 6. Bxc6 dxc6 7. Nxe5 Qd4 8. Nf3 Qb6 9. h3 Be6 10. Nc3 Rad8 11.
Qe2 Rfe8 12. d3 h6 13. a4 a6 14. a5 Qa7 15. Nd1 Bb4 16. c3 Bf8 17. Ne3 Qc5 18.
Nf1 Qe7 19. Ng3 Rd7 20. Qc2 Nh7 21. Be3 f6 22. Nh4 Qf7 23. f4 Red8 24. d4 Bb3
25. Qf2 g5 26. fxg5 Nxg5 27. Nhf5 Qg6 28. Qe2 {suite illisible} 1-0

[Event "24e tournoi 1hKO"]
[Site "Montigny le Bretonneux"]
[Date "2022.05.28"]
[Round "5.9"]
[White "Branson, James"]
[Black "Kalouche, Ibrahim Samuel"]
[Result "0-1"]
[WhiteElo "1553"]
[BlackElo "1099"]
[Annotator "Rivier,Sylvain"]
[PlyCount "146"]
[EventDate "2022.??.??"]

{Gambit du roi, gambit du cavalier} 1. e4 e5 2. f4 exf4 3. Nf3 Nc6 4. d4 d6 5.
Bxf4 Bg4 6. Bc4 Nf6 7. O-O Nxe4 8. Bd5 Nf6 9. Bxc6+ bxc6 10. h3 Be6 11. Qe2 Be7
12. Ng5 Bd7 13. Re1 Nd5 14. Bd2 O-O 15. Ne4 Re8 16. Qf3 Nf6 17. Nbc3 Nxe4 18.
Nxe4 f5 19. Nf2 Bf6 20. Bc3 g6 21. Re2 Rxe2 22. Qxe2 Qe8 23. Qa6 Qc8 24. Qc4+
Kh8 25. Re1 Qf8 26. d5 c5 27. Nd3 Re8 28. Rxe8 Bxe8 29. Nf4 Bxc3 30. Qxc3+ Qg7
31. Qxg7+ Kxg7 32. Ne6+ Kf6 33. Nxc7 Bd7 34. Kf2 Ke5 35. g3 f4 36. gxf4+ Kxf4
37. c4 Ke4 38. Ne6 Ke5 39. Nf8 Bxh3 40. Nxh7 Kd4 41. b3 Bf5 42. Ng5 Bb1 43. Nf7
Bxa2 44. Nxd6 Bxb3 45. Nf7 Bxc4 46. d6 Bb5 47. Ke1 c4 48. Kd2 c3+ 49. Kc2 Ba4+
50. Kc1 Kd5 51. Ng5 Kxd6 52. Ne4+ Ke5 53. Nxc3 Bc6 54. Kd2 a5 55. Ke3 a4 56.
Nb1 Be4 57. Na3 Bd5 58. Nb5 g5 59. Na3 g4 60. Nb5 g3 61. Na3 g2 62. Kf2 Kf4 63.
Kg1 Ke3 64. Nc2+ Kd2 65. Nb4 a3 66. Nxd5 a2 67. Nf4 a1=Q+ 68. Kxg2 Qf6 69. Nh3
Ke2 70. Kh2 Qg7 71. Ng1+ Kf2 72. Nh3+ Kf1 73. Nf4 Qg4 0-1

[Event "24e tournoi 1hKO"]
[Site "Montigny le Bretonneux"]
[Date "2022.05.28"]
[Round "5.10"]
[White "Lebacq, Gaspar"]
[Black "Privat, Jean-Claude"]
[Result "1-0"]
[WhiteElo "1463"]
[BlackElo "1527"]
[Annotator "Rivier,Sylvain"]
[PlyCount "87"]
[EventDate "2022.??.??"]

{Gambit dame} 1. c4 c6 2. Nc3 d5 3. cxd5 cxd5 4. d4 Nf6 5. Nf3 e6 6. Bg5 Be7 7.
e3 O-O 8. Bd3 Nbd7 9. Qc2 a6 10. a4 h6 11. Bh4 Nh5 12. Bxe7 Qxe7 13. O-O Nhf6
14. h3 e5 15. e4 exd4 16. Nxd4 Nc5 17. exd5 Nxd3 18. Qxd3 Qd6 19. Nf3 Bd7 20.
Rfd1 Rfe8 21. Nh4 Rac8 22. Nf3 Qb4 23. Qd2 Qd6 24. a5 Ne4 25. Nxe4 Rxe4 26. Re1
Rec4 27. Rab1 Bf5 28. Rbd1 Rc2 29. Qd4 Kf8 30. Qe5 Qxe5 31. Rxe5 Bd7 32. Rde1
Rc1 33. Kh2 Rxe1 34. Rxe1 Rc5 35. Rd1 Rxa5 36. Ne5 Ba4 37. Rd4 Bb3 38. d6 Ke8
39. f4 Be6 40. Rb4 Rd5 41. d7+ Bxd7 42. Rxb7 Be6 43. Ra7 a5 44. Ra8+ 1-0

[Event "24e tournoi 1hKO"]
[Site "Montigny le Bretonneux"]
[Date "2022.05.28"]
[Round "5.11"]
[White "Couradin, Jean-Marie"]
[Black "Koutchinsky, Gabriel"]
[Result "0-1"]
[WhiteElo "1508"]
[BlackElo "1290"]
[Annotator "Rivier,Sylvain"]
[PlyCount "78"]
[EventDate "2022.??.??"]

{Ouverture du pion dame} 1. d4 Nf6 2. Bf4 c5 3. d5 d6 4. c4 e5 5. Bd2 Bf5 6.
Nc3 Nbd7 7. g3 e4 8. Bg2 Qe7 9. Nh3 h6 10. O-O g5 11. e3 Ne5 12. b3 Qd7 13. Qc2
Nf3+ 14. Bxf3 exf3 15. e4 Bxh3 16. Rfe1 O-O-O 17. Nd1 Bg2 18. Ne3 Qh3 19. Bc3
Be7 20. Bxf6 Bxf6 21. Rac1 h5 22. e5 Bxe5 23. Qf5+ Qxf5 24. Nxf5 Bh3 25. Ne3 h4
26. g4 Bf4 27. Rc3 Rde8 28. Rd1 Bxe3 29. fxe3 Bxg4 30. Kf2 Bh5 31. a3 g4 32. b4
Rhg8 33. bxc5 g3+ 34. hxg3 hxg3+ 35. Kf1 dxc5 36. d6 Bg4 37. Rcd3 Bh3+ 38. Kg1
Kd7 39. Rb1 b6 0-1

[Event "24e tournoi 1hKO"]
[Site "Montigny le Bretonneux"]
[Date "2022.05.28"]
[Round "5.12"]
[White "Lanfant, Kevin"]
[Black "Mongey, Alain"]
[Result "0-1"]
[WhiteElo "1199"]
[BlackElo "1548"]
[Annotator "Rivier,Sylvain"]
[PlyCount "82"]
[EventDate "2022.??.??"]

{Défense vieille Benoni} 1. d4 c5 2. dxc5 Qa5+ 3. Nc3 Qxc5 4. e4 e6 5. Be3 Qa5
6. a3 Nc6 7. Nf3 Nf6 8. b4 Qd8 9. Be2 Be7 10. O-O O-O 11. Nd2 d5 12. exd5 Nxd5
13. Nxd5 exd5 14. Nb3 Bf6 15. Bd4 Nxd4 16. Nxd4 Be6 17. Rc1 Rc8 18. Qd3 a6 19.
Rfd1 b5 20. Bf3 Rc4 21. c3 Qc7 22. Qe3 Qd6 23. Re1 Re8 24. Bg4 Bxd4 25. cxd4
Qc6 26. Bxe6 Rxe6 27. Rxc4 bxc4 28. Qc3 Kf8 29. Kf1 Qd6 30. Qh3 Rxe1+ 31. Kxe1
Qe6+ 32. Qxe6 fxe6 33. Kd2 Ke7 34. Kc3 Kd6 35. a4 e5 36. b5 axb5 37. a5 exd4+
38. Kxd4 b4 39. a6 Kc6 40. a7 Kb7 41. Kxd5 b3 0-1

[Event "24e tournoi 1hKO"]
[Site "Montigny le Bretonneux"]
[Date "2022.05.28"]
[Round "5.13"]
[White "Baltzer, Jean-Marc"]
[Black "Touahir, Ismael"]
[Result "1-0"]
[WhiteElo "1412"]
[BlackElo "1009"]
[Annotator "Rivier,Sylvain"]
[PlyCount "91"]
[EventDate "2022.??.??"]

{Ouverture anglaise} 1. c4 e5 2. Nc3 Nf6 3. e4 Bc5 4. g3 O-O 5. Bg2 d6 6. h3
Be6 7. d3 Nc6 8. Nge2 Qd7 9. f4 exf4 10. gxf4 Rad8 11. f5 Bxf5 12. exf5 Qxf5
13. Rf1 Qe6 14. Bg5 Kh8 15. Qd2 h6 16. Bh4 Bb4 17. O-O-O Rde8 18. Rde1 Nd8 19.
a3 Bc5 20. Bf2 Bxf2 21. Rxf2 Nc6 22. Kd1 Qd7 23. d4 Na5 24. Qd3 Qc8 25. b4 Nc6
26. Nd5 Re6 27. h4 Ne7 28. Bh3 Ng4 29. Bxg4 f5 30. Nxe7 Qe8 31. Nxf5 Qa4+ 32.
Kd2 Ref6 33. Nc3 Qc6 34. Rfe2 g6 35. Ne7 Qe8 36. Ncd5 Kg7 37. Nxf6 Rxf6 38. Nd5
Rf7 39. Rxe8 Rf2+ 40. Kc3 Rf7 41. Be6 Rf2 42. Bd7 Rf7 43. Ba4 c6 44. Ne3 a6 45.
Bc2 Rc7 46. Qxg6# 1-0

[Event "24e tournoi 1hKO"]
[Site "Montigny le Bretonneux"]
[Date "2022.05.28"]
[Round "5.14"]
[White "Ruiz, Alexandra"]
[Black "Baysse, Nathan"]
[Result "0-1"]
[WhiteElo "1199"]
[BlackElo "1199"]
[Annotator "Rivier,Sylvain"]
[PlyCount "50"]
[EventDate "2022.??.??"]

{Défense des deux cavaliers} 1. e4 e5 2. Nf3 Nc6 3. Bc4 Nf6 4. Ng5 d5 5. exd5
Nxd5 6. Nxf7 Kxf7 7. Qf3+ Ke6 8. Nc3 Ncb4 9. O-O c6 10. d4 Bd6 11. dxe5 Bxe5
12. Ne4 Rf8 13. Qh3+ Ke7 14. Qh4+ Bf6 15. Nxf6 gxf6 16. Re1+ Be6 17. Qxh7+ Rf7
18. Qe4 Qd6 19. Bf4 Nxf4 20. Rad1 Nbd5 21. g3 Nh3+ 22. Kg2 Ng5 23. Qe2 Kd7 24.
Bxd5 cxd5 25. Qb5+ Qc6 0-1

[Event "24e tournoi 1hKO"]
[Site "Montigny le Bretonneux"]
[Date "2022.05.28"]
[Round "5.15"]
[White "Haquet Larrouy, Alban"]
[Black "Goron, Adrien"]
[Result "1-0"]
[WhiteElo "1099"]
[BlackElo "1199"]
[Annotator "Rivier,Sylvain"]
[PlyCount "43"]
[EventDate "2022.??.??"]

{Début Ponziani} 1. e4 e5 2. Nf3 Nc6 3. b3 Bc5 4. Bb2 d6 5. Bc4 Nf6 6. O-O Nxe4
7. Bd5 Nf6 8. Bc4 O-O 9. Na3 Bf5 10. Qe2 Re8 11. Nh4 g6 12. Nxf5 gxf5 13. Qf3
Qd7 14. Bc3 Bxa3 15. Qg3+ Kf8 16. Qh4 Qe7 17. d3 d5 18. Bb5 a5 19. Bd2 d4 20.
Bh6+ Kg8 21. Qg5+ Kh8 22. Qg7# 1-0

[Event "24e tournoi 1hKO"]
[Site "Montigny le Bretonneux"]
[Date "2022.05.28"]
[Round "6.1"]
[White "Fruchard, Cyrille"]
[Black "Cogez, Celine"]
[Result "1-0"]
[WhiteElo "2302"]
[BlackElo "1546"]
[Annotator "Rivier,Sylvain"]
[PlyCount "129"]
[EventDate "2022.??.??"]

{Partie du pion dame} 1. d4 d5 2. Bf4 Nf6 3. c3 c6 4. e3 Bf5 5. Bd3 Bxd3 6.
Qxd3 e6 7. Nd2 Bd6 8. Bg3 O-O 9. Ngf3 Qe7 10. O-O Nbd7 11. e4 dxe4 12. Nxe4
Nxe4 13. Qxe4 Nf6 14. Qe2 Nh5 15. Rad1 Nxg3 16. hxg3 Rfe8 17. Rfe1 Rad8 18. Qc2
Qc7 19. Re4 Be7 20. Rde1 c5 21. dxc5 Qxc5 22. Re5 Rd5 23. Rxd5 Qxd5 24. c4 Qa5
25. Qb3 Qc7 26. Rd1 Bf6 27. Qb5 Qb8 28. Rd7 Re7 29. Rxe7 Bxe7 30. Qd7 Bf6 31.
b4 h6 32. c5 Bc3 33. b5 Bb4 34. Qd4 Ba5 35. Kf1 Qc7 36. a4 f6 37. Qc4 Kf7 38.
Qd4 g5 39. Ke2 e5 40. Qd5+ Kg6 41. Kd3 Qd8 42. Qxd8 Bxd8 43. Ke4 h5 44. Kd5 Kf5
45. Nd2 h4 46. gxh4 gxh4 47. c6 bxc6+ 48. bxc6 Bc7 49. Ne4 a6 50. Nc5 a5 51.
Na6 Bd6 52. c7 Bxc7 53. Nxc7 e4 54. Ne8 Kf4 55. Nxf6 e3 56. fxe3+ Kxe3 57. Ng4+
Kf4 58. Nh2 Kg3 59. Nf3 h3 60. gxh3 Kxf3 61. Kc5 Kg3 62. Kb5 Kxh3 63. Kxa5 Kg4
64. Kb6 Kf3 65. Kb7 1-0

[Event "24e tournoi 1hKO"]
[Site "Montigny le Bretonneux"]
[Date "2022.05.28"]
[Round "6.2"]
[White "Surugue, Philippe"]
[Black "Forissier, Nicolas"]
[Result "1-0"]
[WhiteElo "1766"]
[BlackElo "1909"]
[Annotator "Rivier,Sylvain"]
[PlyCount "55"]
[EventDate "2022.??.??"]

{DÃ©fense des deux cavaliers} 1. e4 e5 2. d4 exd4 3. c3 dxc3 4. Bc4 Nc6 5. Nxc3
Nf6 6. Nf3 Bc5 7. O-O O-O 8. Bg5 Be7 9. Qd2 d6 10. h3 h6 11. Bxh6 gxh6 12. Qxh6
Ne5 13. Bb3 Be6 14. Bxe6 fxe6 15. Ng5 Rf7 16. f4 Bf8 17. Qh4 Nh7 18. Qg3 Nxg5
19. h4 Nc6 20. hxg5 Rg7 21. Qg4 Nd4 22. Rad1 c5 23. Rd3 e5 24. g3 c4 25. Rd2
Be7 26. Rh2 Qc8 27. Qh5 Qc5 28. Kg2 1-0

[Event "24e tournoi 1hKO"]
[Site "Montigny le Bretonneux"]
[Date "2022.05.28"]
[Round "6.3"]
[White "Maurel, Christophe"]
[Black "Kunne, Ronald"]
[Result "1-0"]
[WhiteElo "1562"]
[BlackElo "1511"]
[Annotator "Rivier,Sylvain"]
[PlyCount "82"]
[EventDate "2022.??.??"]

{DÃ©fense franÃ§aise, variante d'avance} 1. e4 e6 2. d4 d5 3. e5 c5 4. c3 Nc6
5. Nf3 Bd7 6. a3 c4 7. Nbd2 f6 8. Nh4 g6 9. exf6 Qxf6 10. Nhf3 O-O-O 11. Nxc4
dxc4 12. Bg5 Qf5 13. Bxd8 Kxd8 14. Bxc4 Nf6 15. O-O Bd6 16. Re1 e5 17. dxe5
Bxe5 18. Bd3 Qf4 19. Qc1 Qxc1 20. Raxc1 Bf4 21. Rcd1 Kc7 22. Nd2 Ne5 23. Bc2
Bxd2 24. Rxd2 Nc4 25. Rd4 b5 26. a4 a6 27. axb5 axb5 28. b3 Nd6 29. h3 Ra8 30.
Red1 Nf5 31. Bxf5 Bxf5 32. c4 bxc4 33. Rxc4+ Kb7 34. Rdc1 Nd5 35. Rc5 Nb6 36.
Rc7+ Kb8 37. Rxh7 Ra3 38. Rc3 Ra1+ 39. Kh2 Rb1 40. h4 Rb2 41. Rf3 Bc2 1-0

[Event "24e tournoi 1hKO"]
[Site "Montigny le Bretonneux"]
[Date "2022.05.28"]
[Round "6.5"]
[White "Belardello, Mario-Jovani"]
[Black "Chennoufi, Amine"]
[Result "1-0"]
[WhiteElo "1738"]
[BlackElo "1490"]
[Annotator "Rivier,Sylvain"]
[PlyCount "123"]
[EventDate "2022.??.??"]

{Ouverture anglaise, variante sicilienne inversÃ©e} 1. c4 e5 2. g3 Nf6 3. Bg2
Nc6 4. Nc3 Bc5 5. e3 O-O 6. Nge2 Re8 7. O-O d6 8. h3 a6 9. Kh2 Rb8 10. a3 Bd7
11. b4 Ba7 12. d4 exd4 13. exd4 b5 14. c5 dxc5 15. bxc5 Na5 16. Nf4 c6 17. Ra2
Nc4 18. Re1 Rxe1 19. Qxe1 Qa5 20. Re2 h6 21. Ne4 Nxe4 22. Qxa5 Nxa5 23. Rxe4
Re8 24. Rxe8+ Bxe8 25. Nd3 Kf8 26. Nb4 Nb3 27. Bb2 a5 28. Nxc6 Bxc6 29. Bxc6 b4
30. axb4 axb4 31. Ba4 Nd2 32. Kg2 b3 33. Bb5 Ke7 34. Bd3 Ke6 35. Bc3 Kd5 36.
Bxd2 Kxd4 37. Bb1 Bxc5 38. Be3+ Kc4 39. Bxc5 Kxc5 40. Kf1 Kc4 41. Ke2 Kc3 42.
Ke3 Kb2 43. Bd3 Kc1 44. Ke4 b2 45. Ke5 b1=Q 46. Bxb1 Kxb1 47. f4 Kc2 48. g4 Kd3
49. h4 Ke3 50. h5 Kf3 51. Kf5 g6+ 52. hxg6 fxg6+ 53. Kxg6 Kxg4 54. f5 h5 55. f6
h4 56. f7 h3 57. f8=Q h2 58. Qf1 Kg3 59. Qh1 Kh3 60. Kg5 Kg3 61. Kf5 Kh3 62.
Kf4 1-0

[Event "24e tournoi 1hKO"]
[Site "Montigny le Bretonneux"]
[Date "2022.05.28"]
[Round "6.6"]
[White "Kalouche, Ibrahim Samuel"]
[Black "Faris, Marouane"]
[Result "1-0"]
[WhiteElo "1099"]
[BlackElo "1669"]
[Annotator "Rivier,Sylvain"]
[PlyCount "37"]
[EventDate "2022.??.??"]

{DÃ©fense sicilienne, Ã©tau de Maroczy} 1. e4 c5 2. Nf3 Nc6 3. d4 cxd4 4. Nxd4
g6 5. c4 Bg7 6. Be3 Nf6 7. Nc3 O-O 8. Be2 Ng4 9. Bxg4 Qb6 10. Ndb5 Qa5 11. Qb3
a6 12. Na3 b5 13. cxb5 axb5 14. Nc2 b4 15. Nd5 Rb8 16. Bd2 Ba6 17. Bxd7 Qb5 18.
Qe3 Bh6 19. Bxc6 1-0

[Event "24e tournoi 1hKO"]
[Site "Montigny le Bretonneux"]
[Date "2022.05.28"]
[Round "6.7"]
[White "Gaudin, Vincent"]
[Black "Lebacq, Gaspar"]
[Result "0-1"]
[WhiteElo "1609"]
[BlackElo "1463"]
[Annotator "Rivier,Sylvain"]
[PlyCount "72"]
[EventDate "2022.??.??"]

{DÃ©fense franÃ§aise, variante d'Ã©change} 1. e4 e6 2. d4 d5 3. exd5 exd5 4.
Nf3 Bd6 5. c4 c6 6. Nc3 Nf6 7. Bg5 Be6 8. c5 Be7 9. Bd3 h6 10. Bh4 Nbd7 11. h3
O-O 12. O-O Ne8 13. Bg3 Nef6 14. Re1 Nh7 15. Ne2 Ng5 16. Nf4 Re8 17. Bc2 Nxf3+
18. Qxf3 Bf6 19. Qd3 Nf8 20. Nh5 g6 21. Nxf6+ Qxf6 22. Be5 Qf5 23. Qb3 Qg5 24.
Bg3 Qe7 25. f4 Qd7 26. Re2 Bxh3 27. Rxe8 Rxe8 28. gxh3 Qxh3 29. Bf2 Qg4+ 30.
Qg3 Qxg3+ 31. Bxg3 Re2 32. Rc1 Ne6 33. Kf1 Nxd4 34. Bd1 Rxb2 35. Bf2 Ne6 36. f5
gxf5 {suite illisible} 0-1

[Event "24e tournoi 1hKO"]
[Site "Montigny le Bretonneux"]
[Date "2022.05.28"]
[Round "6.8"]
[White "Koutchinsky, Gabriel"]
[Black "Maurel, Thibaud"]
[Result "1/2-1/2"]
[WhiteElo "1290"]
[BlackElo "1457"]
[Annotator "Rivier,Sylvain"]
[PlyCount "148"]
[EventDate "2022.??.??"]

{Gambit dame} 1. c4 e6 2. Nc3 d5 3. cxd5 exd5 4. d4 Nf6 5. Nf3 c6 6. Qb3 Bd6 7.
Bg5 h6 8. Bh4 Qe7 9. e3 Nbd7 10. Bd3 Nb6 11. O-O Bg4 12. Be2 Qc7 13. Bg3 Bxg3
14. fxg3 O-O 15. Ne5 Bxe2 16. Nxe2 Nfd7 17. Nxd7 Qxd7 18. Qd3 Rae8 19. b3 Re7
20. Nf4 Rfe8 21. Rf3 a5 22. Raf1 a4 23. Qd2 axb3 24. axb3 Ra8 25. Nd3 f6 26.
Nc5 Qd6 27. Qc2 Nd7 28. Qg6 Kh8 29. Nxd7 Qxd7 30. g4 Rae8 31. g5 hxg5 32. Rh3+
Kg8 33. Rxf6 Qxh3 34. gxh3 Rxe3 35. Qxg5 Rxb3 36. Rf1 Re6 37. Qd8+ Kh7 38. Qf8
Rxh3 39. Qf5+ Rg6+ 40. Kh1 Rhh6 41. Rg1 b6 42. Qb1 c5 43. Rxg6 Rxg6 44. dxc5
bxc5 45. Qf5 d4 46. Qxc5 d3 47. Qd4 Kg8 48. Qxd3 Kf7 49. Qf5+ Rf6 50. Qd5+ Kf8
51. h4 Ke7 52. Kg2 Kf8 53. Kg3 Ke7 54. h5 Kf8 55. Kg4 Ke7 56. Qb7+ Kf8 57. Qc8+
Kf7 58. Kg5 Rh6 59. Qd7+ Kg8 60. Qe8+ Kh7 61. Qf7 Rf6 62. Qa2 Rh6 63. Qa8 Rf6
64. Qb8 Rh6 65. Qh2 Rf6 66. Qc2+ Kg8 67. Qc4+ Kh7 68. Qe4+ Kg8 69. Qe8+ Kh7 70.
Qg6+ Rxg6+ 71. hxg6+ Kg8 72. Kf5 Kf8 73. Ke6 Ke8 74. Kd6 Kd8 1/2-1/2

[Event "24e tournoi 1hKO"]
[Site "Montigny le Bretonneux"]
[Date "2022.05.28"]
[Round "6.9"]
[White "Couradin, Bruno"]
[Black "Branson, James"]
[Result "0-1"]
[WhiteElo "1411"]
[BlackElo "1553"]
[Annotator "Rivier,Sylvain"]
[PlyCount "150"]
[EventDate "2022.??.??"]

{Partie du pion dame} 1. d4 d5 2. Nf3 Nf6 3. Bf4 e6 4. Nc3 c5 5. e3 Qb6 6. Rb1
Nbd7 7. Be2 cxd4 8. exd4 Bb4 9. Bd2 O-O 10. a3 Bxc3 11. Bxc3 Ne4 12. Bb4 Re8
13. Bd3 Ndf6 14. O-O a5 15. Bd2 Nxd2 16. Qxd2 Bd7 17. Ne5 Bb5 18. Bxb5 Qxb5 19.
Qd3 Qxd3 20. Nxd3 Ne4 21. Rbd1 Rec8 22. f3 Nd6 23. c3 a4 24. Rfe1 Ra6 25. Nb4
Rb6 26. Re2 Kf8 27. Nd3 Nc4 28. Kf2 Rb3 29. Ra1 Rc6 30. Ra2 Rb5 31. Ne5 Nxe5
32. Rxe5 Rcb6 33. Re2 Ke7 34. Ke3 Kf6 35. Kd3 Rc6 36. Rc2 Ra5 37. Ra1 b5 38. g3
h5 39. Re1 Ra8 40. Re5 Rh8 41. Rce2 h4 42. Rg2 g6 43. g4 g5 44. h3 Re8 45. Rge2
Kg6 46. Rf2 f6 47. Re3 e5 48. Rfe2 Rce6 49. Kc2 e4 50. fxe4 Rxe4 51. Kd3 f5 52.
gxf5+ Kxf5 53. Rf3+ Kg6 54. Rfe3 Rxe3+ 55. Rxe3 Rf8 56. Ke2 Rf4 57. Re5 g4 58.
hxg4 h3 59. Rh5 Rxg4 60. Rxh3 Rg2+ 61. Kd3 Rxb2 62. Re3 Rb3 63. Re5 Rxa3 64.
Re2 b4 65. Rc2 b3 66. Rb2 Ra2 67. Rb1 Kf5 68. c4 dxc4+ 69. Kxc4 Ke4 70. d5 Ke3
71. Kc3 Rd2 72. Kb4 Rd4+ 73. Kb5 Kd2 74. Kc5 Rd3 75. Kb4 Kc2 {suite illisible}
0-1